000 00508nam a2200193Ia 4500
003 OSt
005 20250130115237.0
008 210210b1977 xxu||||| |||| 00| 0 eng d
040 _cAL
041 _aKannada
082 _aK894.3 KUMG
100 _aKUMUDA.
_dಕುಮುದಾ
_9196246
245 _aGelatiya magu.
_bಗೆಳತಿಯ ಮಗು.
260 _aBengaluru
_bShri Ganapati Pablikeshans
_c1977
300 _a151
690 _aKannada Fiction
_9196247
906 _aSG00196
942 _2ddc
_cBK
999 _c111786
_d111786